000 00299nam a2200109Ia 4500
008 200302s9999 xx 000 0 und d
100 _aAuthor
245 _aHow Flexible is Construction A Study of Resources & Partcipants
260 _bHer Majesty's Stationery Office
260 _c1978
300 _a89 P.,
999 _c516
_d516